006260000a22001810004500008004100000082001600041100001500057245005800072260003200130300004200162440002100204650002900225650003800254650003600292942000700328952009600335999001300431230817t ||||| |||| 00| 0 eng d a305.42bALI aAli, Rabia aThe dark side of "honour":bwomen victims in Pakistan aLahore:bShirkat Gah,c2001 a 55 p. ; 28 cmbBibliography included aSpecial bulletin aHONOUR KILLINGS-Pakistan aWomen- Violence against, Pakistan aMuslim women- Social conditions cRP 00102ddc4070aMAINbMAINd2023-08-17l0o305.42 ALIpRAF4053r2023-08-17w2023-08-17yBK c484d484